[Event "Tel Aviv ASA"]
[Site "Tel Aviv"]
[Date "1993.??.??"]
[Round "11"]
[White "Penzias, Mordechai"]
[Black "Vertkin, Sergey"]
[Result "1/2-1/2"]
[WhiteElo "2215"]
[BlackElo "2295"]
[PlyCount "86"]
[EventDate "1993.??.??"]
[Source "www.chesslib.no"]
[SourceDate "2004.05.04"]

1. d4 Nf6 2. c4 c5 3. d5 d6 4. Nc3 e5 5. e4 Be7 6. Nf3 O-O 7. h3 Na6 8. g4 Nc7 9. Bd3 a6 10. Qe2 Rb8 11. a4 b6 12. Be3 Bd7 13. O-O-O b5 14. g5 Nfe8 15. axb5 axb5 16. cxb5 Na8 17. Rdg1 Nec7 18. h4 Qe8 19. g6 fxg6 20. h5 Bxb5 21. hxg6 Bxd3 22. gxh7+ Kh8 23. Qxd3 Rxf3 24. Rxg7 Kxg7 25. Bh6+ Kh8 26. Qxf3 Qg6 27. Nd1 Nb6 28. Ne3 Na4 29. Qf5 Qxf5 30. Nxf5 Bf8 31. Bxf8 Rxf8 32. Nxd6 Rxf2 33. Nc4 Rf7 34. Nxe5 Rxh7 35. Nf7+ Kg7 36. Rxh7+ Kxh7 37. d6 Ne6 38. d7 Kg7 39. d8=Q Nxd8 40. Nxd8 Kf6 41. Nb7 c4 42. Nd6 Ke5 43. Nxc4+ Kxe4 1/2-1/2

[Event "X Torneo IHEM"]
[Site "Hamburg GER"]
[Date "2007.06.01"]
[Round "7"]
[White "Bach, Mat"]
[Black "Mueller, Joe"]
[Result "1-0"]
[WhiteElo "2364"]
[BlackElo "2118"]
[PlyCount "71"]
[EventDate "2007.05.26"]
[Source "www.chesslib.no"]
[SourceDate "2004.05.04"]

1. d4 Nf6 2. c4 c5 3. d5 d6 4. Nc3 e5 5. e4 a6 6. a4 b6 7. g3 g6 8. h3 Bg7 9. Be3 O-O 10. Qd2 Ne8 11. Nge2 f5 12. Bg2 Ra7 13. O-O Raf7 14. Bg5 Qc7 15. exf5 gxf5 16. f4 e4 17. Nd1 h6 18. Bh4 Bd7 19. Ne3 Qc8 20. Kh2 Nf6 21. Rg1 b5 22. axb5 axb5 23. Ra7 Be8 24. Rga1 b4 25. b3 Rxa7 26. Rxa7 Bh5 27. Bxf6 Bxf6 28. g4 Bg6 29. Ng3 Bc3 30. Qc1 fxg4 31. Nxg4 Nd7 32. f5 Bh7 33. Nxe4 Bg7 34. f6 Rxf6 35. Nexf6+ Nxf6 36. Rxg7+ 1-0

[Event "10th WCh-University"]
[Site "Novokuznetsk RUS"]
[Date "2008.03.04"]
[Round "1"]
[White "Yurkov, P."]
[Black "Akhanov, D."]
[Result "0-1"]
[WhiteElo "2332"]
[BlackElo "2135"]
[PlyCount "95"]
[EventDate "2008.03.04"]
[Source "www.chesslib.no"]
[SourceDate "2004.05.04"]

1. d4 Nf6 2. c4 c5 3. d5 d6 4. Nc3 g6 5. e4 b5 6. cxb5 Bg7 7. Be2 O-O 8. Nf3 a6 9. b6 Qxb6 10. Nd2 Nbd7 11. Nc4 Qc7 12. O-O Rb8 13. a4 Nb6 14. Ne3 a5 15. Bd2 c4 16. Nb5 Qc5 17. Qc2 Bd7 18. Nxc4 Nxa4 19. Rxa4 Bxb5 20. Rxa5 Qd4 21. Rxb5 Rxb5 22. Bd3 Ng4 23. Bc3 Qc5 24. Qe2 Bxc3 25. bxc3 Nf6 26. Nxd6 Rb3 27. Nb5 Rb8 28. c4 Nd7 29. e5 Rxd3 30. Qxd3 Nxe5 31. Qg3 f6 32. Qh3 Qxc4 33. Nc3 Kg7 34. Nd1 Qxd5 35. Ne3 Qe4 36. Qg3 Rd8 37. h3 Rd3 38. Re1 Kf7 39. Kh2 Rd2 40. Kg1 h5 41. h4 Nd3 42. Rf1 Nf4 43. Kh1 Ne2 44. Qh3 Rd4 45. Re1 Nf4 46. Qg3 Nd3 47. Rd1 f5 48. Kg1 0-1

[Event "Zalaegerszeg"]
[Site "?"]
[Date "1993.??.??"]
[Round "4"]
[White "Csiszar Csaba"]
[Black "Singer Richard"]
[Result "1-0"]
[WhiteElo "2245"]
[BlackElo "2210"]
[PlyCount "133"]
[EventDate "1993.??.??"]
[Source "www.chesslib.no"]
[SourceDate "2004.05.04"]

1. d4 Nf6 2. c4 c5 3. d5 d6 4. Nc3 g6 5. Nf3 Bg7 6. h3 Na6 7. e4 Nc7 8. a4 O-O 9. Bd3 Rb8 10. O-O a6 11. Re1 Bd7 12. Qe2 e5 13. dxe6 Nxe6 14. Be3 Bc6 15. Rad1 Qe8 16. Bc2 Rd8 17. Rd2 Nc7 18. Bf4 Qe7 19. Qd1 Nfe8 20. Bg5 f6 21. Nd5 Qf7 22. Bf4 Ne6 23. Bg3 Bh6 24. Rd3 Kh8 25. b4 cxb4 26. Nxb4 Bf4 27. Bxf4 Nxf4 28. Rc3 Nc7 29. Nd5 Nce6 30. Qd2 g5 31. Nd4 Nxd4 32. Qxd4 Ng6 33. Rf3 Bxd5 34. exd5 Ne5 35. Rc3 Qd7 36. f4 gxf4 37. Qxf4 Qe7 38. Kh1 f5 39. c5 Qf6 40. Qd4 Nd7 41. Qxf6+ Nxf6 42. cxd6 Nxd5 43. Rb3 b6 44. Rd1 Rxd6 45. Rf3 Rfd8 46. Bxf5 Ne7 47. Rxd6 Rxd6 48. Bc2 Kg7 49. Bxh7 Kxh7 50. Rf7+ Kg6 51. Rxe7 Rd4 52. a5 bxa5 53. Re6+ Kf5 54. Rxa6 Ra4 55. Kh2 Ra3 56. Ra8 Kg6 57. h4 Kh5 58. g3 a4 59. Ra5+ Kh6 60. Ra6+ Kh7 61. Kh3 Ra1 62. Kg4 a3 63. Kh5 a2 64. Ra7+ Kg8 65. g4 Kf8 66. g5 Kg8 67. Kg6 1-0

[Event "Hessenliga 9900"]
[Site "?"]
[Date "2000.02.27"]
[Round "7.4"]
[White "Erwes Theo"]
[Black "Pirs Matjaz"]
[Result "1-0"]
[WhiteElo "2120"]
[BlackElo "2330"]
[PlyCount "97"]
[EventDate "2000.??.??"]
[Source "www.chesslib.no"]
[SourceDate "2004.05.04"]

1. d4 Nf6 2. c4 c5 3. d5 d6 4. Nc3 g6 5. Nf3 Bg7 6. e4 b5 7. cxb5 O-O 8. a4 a6 9. Ra3 Ne8 10. Bg5 axb5 11. Bxb5 Nc7 12. Bc4 Ba6 13. Bxa6 Nbxa6 14. Qd2 Re8 15. O-O Qd7 16. h4 Nb4 17. h5 f5 18. hxg6 hxg6 19. Nh4 fxe4 20. Nxg6 Kf7 21. Nh4 Bxc3 22. bxc3 Nbxd5 23. c4 Nf6 24. f3 Rxa4 25. Rxa4 Qxa4 26. Bxf6 exf6 27. Qxd6 Ne6 28. fxe4 Qxc4 29. Nf5 Qc3 30. e5 Kg6 31. Ne7+ Rxe7 32. Rxf6+ Kh5 33. Qxe7 Qe3+ 34. Rf2 Ng5 35. Qe8+ Kh4 36. Qf8 Qe1+ 37. Rf1 Qxe5 38. Qf4+ Qxf4 39. Rxf4+ Kg3 40. Rc4 Ne6 41. Re4 Ng5 42. Rc4 Ne6 43. Kf1 Ng5 44. Rxc5 Ne4 45. Rd5 Nf2 46. Rg5+ Ng4 47. Rg8 Kh2 48. Rxg4 Kh1 49. Rh4# 1-0

[Event "115th ch-NZL"]
[Site "Auckland NZL"]
[Date "2008.01.18"]
[Round "6"]
[White "Reilly, T."]
[Black "Dowden, A."]
[Result "1/2-1/2"]
[WhiteElo "2276"]
[BlackElo "2170"]
[PlyCount "65"]
[EventDate "2008.01.15"]
[Source "www.chesslib.no"]
[SourceDate "2004.05.04"]

1. d4 Nf6 2. c4 c5 3. d5 d6 4. Nc3 e5 5. e4 Nbd7 6. Bd3 Be7 7. Be3 a6 8. h3 h5 9. Nge2 h4 10. Qd2 Nf8 11. O-O-O Ng6 12. Kb1 Nh7 13. Rdg1 Bg5 14. g3 Bxe3 15. Qxe3 hxg3 16. fxg3 Nf6 17. g4 b6 18. Qf2 Bd7 19. Nd1 b5 20. Ne3 bxc4 21. Nxc4 Bb5 22. Rf1 O-O 23. Qe3 Bxc4 24. Bxc4 Rb8 25. Rc1 Re8 26. Rc2 Rb6 27. Rf1 Qe7 28. Qf3 Reb8 29. Ng3 Nf4 30. g5 Ne8 31. h4 g6 32. Ne2 Nh5 33. Rd1 1/2-1/2

[Event "NOR-chT qualifier"]
[Site "?"]
[Date "2002.??.??"]
[Round "6"]
[White "Tallaksen Geir Sune"]
[Black "Henriksen Geir Ivar"]
[Result "1-0"]
[WhiteElo "2235"]
[BlackElo "2209"]
[PlyCount "67"]
[EventDate "2002.??.??"]
[Source "www.chesslib.no"]
[SourceDate "2004.05.04"]

1. d4 Nf6 2. c4 c5 3. d5 d6 4. Nc3 g6 5. h3 e6 6. Nf3 exd5 7. cxd5 a6 8. a4 Qe7 9. Bf4 Bg7 10. Nd2 O-O 11. Nc4 Rd8 12. e3 Ne8 13. Be2 Nd7 14. O-O Rb8 15. Qb3 Ne5 16. Nb6 Nd7 17. Rad1 Nxb6 18. Qxb6 Qc7 19. Qxc7 Nxc7 20. Ne4 Be5 21. Bxe5 dxe5 22. d6 Ne8 23. Nxc5 b6 24. d7 bxc5 25. dxc8=Q Rbxc8 26. Bxa6 Rb8 27. Rxd8 Rxd8 28. Rc1 Nc7 29. Bb7 Rb8 30. Bf3 Ne6 31. Bd5 Rxb2 32. Bxe6 fxe6 33. Rxc5 Ra2 34. Rxe5 1-0

[Event "Buenos Aires ARG"]
[Site "?"]
[Date "2006.03.23"]
[Round "3.14"]
[White "Alza Agustin"]
[Black "Garcia Raimundo"]
[Result "0-1"]
[WhiteElo "2084"]
[BlackElo "2351"]
[PlyCount "66"]
[EventDate "2006.??.??"]
[Source "www.chesslib.no"]
[SourceDate "2004.05.04"]

1. d4 Nf6 2. c4 c5 3. d5 d6 4. Nc3 g6 5. e4 Bg7 6. Nf3 O-O 7. h3 b5 8. cxb5 a6 9. b6 Nbd7 10. a4 Qxb6 11. a5 Qd8 12. Be2 Ne8 13. Bg5 Rb8 14. Qd2 Ndf6 15. O-O Rb4 16. e5 Nd7 17. e6 fxe6 18. dxe6 Ndf6 19. Na2 Ra4 20. Qd1 Rxa5 21. Ne5 Qc7 22. Nc4 Rb5 23. Nc3 Rb4 24. Nd5 Nxd5 25. Qxd5 Rf5 26. Qd2 Bxe6 27. g4 Rf8 28. Rab1 Rxc4 29. Bxc4 Bxc4 30. Rfe1 e6 31. Rbc1 Bd5 32. Re3 Bd4 33. Re2 Qf7 0-1

[Event "Corr"]
[Site "?"]
[Date "1999.??.??"]
[Round "?"]
[White "Quadri Sergio Fabian"]
[Black "Martyshin Sergey"]
[Result "1-0"]
[WhiteElo "2116"]
[BlackElo "2309"]
[PlyCount "43"]
[EventDate "1999.??.??"]
[Source "www.chesslib.no"]
[SourceDate "2004.05.04"]

1. d4 Nf6 2. c4 c5 3. d5 d6 4. Nc3 g6 5. e4 Bg7 6. Bf4 O-O 7. Be2 e6 8. dxe6 Bxe6 9. Bxd6 Re8 10. Nf3 Nc6 11. O-O Qa5 12. Qc2 Nxe4 13. Nxe4 Bf5 14. Nfd2 Nd4 15. Qd3 Bxe4 16. Nxe4 f5 17. Nxc5 Nxe2+ 18. Kh1 Nd4 19. Nb3 Nxb3 20. axb3 Qb6 21. c5 Qc6 22. b4 1-0

[Event "ROM-chT2"]
[Site "?"]
[Date "1997.??.??"]
[Round "2"]
[White "Banea Marian"]
[Black "Ardelean George Catalin"]
[Result "1/2-1/2"]
[WhiteElo "2190"]
[BlackElo "2235"]
[PlyCount "99"]
[EventDate "1997.??.??"]
[Source "www.chesslib.no"]
[SourceDate "2004.05.04"]

1. d4 Nf6 2. c4 c5 3. d5 d6 4. Nc3 g6 5. e4 Bg7 6. Nge2 a6 7. Ng3 O-O 8. Be2 b6 9. O-O Ra7 10. Bg5 h6 11. Be3 e6 12. Qd2 exd5 13. cxd5 h5 14. Bg5 Qe8 15. Rae1 Nh7 16. Bh6 h4 17. Bxg7 Kxg7 18. Nh1 b5 19. f3 Qd8 20. Nf2 Re7 21. a4 b4 22. Ncd1 Qe8 23. b3 f5 24. Nb2 Nf6 25. Nc4 Qd8 26. exf5 Bxf5 27. g4 hxg3 28. hxg3 Rfe8 29. g4 Bc8 30. g5 Nh7 31. f4 Bf5 32. Ng4 Rxe2 33. Rxe2 Bxg4 34. Rxe8 Qxe8 35. Nxd6 Qf8 36. Nc4 Nd7 37. Re1 Kg8 38. d6 Qa8 39. Re7 Qf3 40. Qe1 Nhf8 41. Qe3 Qd1+ 42. Kg2 Be6 43. Nd2 Qg4+ 44. Kf2 Qh4+ 45. Ke2 Bg4+ 46. Kd3 Qh1 47. Ne4 Qd1+ 48. Nd2 Qc1 49. Ne4 Qd1+ 50. Nd2 1/2-1/2

[Event "Obro Nytaar op"]
[Site "Copenhagen"]
[Date "1996.??.??"]
[Round "3"]
[White "Bekker Jensen, David"]
[Black "Nilsson, Nils Specht"]
[Result "0-1"]
[WhiteElo "2190"]
[BlackElo "2235"]
[PlyCount "78"]
[EventDate "1996.12.27"]
[Source "www.chesslib.no"]
[SourceDate "2004.05.04"]

1. d4 Nf6 2. c4 c5 3. d5 d6 4. Nc3 e5 5. e4 Be7 6. h3 O-O 7. Nf3 Kh8 8. Bd3 Ng8 9. g4 Na6 10. Be3 Bd7 11. Qd2 Qe8 12. O-O-O Nc7 13. Rdg1 b5 14. Bc2 Bd8 15. h4 bxc4 16. h5 Nb5 17. Nxb5 Bxb5 18. g5 Ba4 19. Nh4 Bxc2 20. Qxc2 Rb8 21. Nf5 Rb6 22. g6 Bf6 23. Rg2 Ne7 24. Nxg7 Bxg7 25. h6 fxg6 26. hxg7+ Kxg7 27. Bh6+ Kg8 28. Bxf8 Qxf8 29. Qd2 Qf3 30. Rgh2 h5 31. Rh4 Rb8 32. R1h3 Qf6 33. f4 Rf8 34. f5 gxf5 35. Rxh5 fxe4 36. Rg3+ Kf7 37. Rg2 Qf1+ 38. Kc2 Qd3+ 39. Kc1 e3 0-1

[Event "Finkenstein Open"]
[Site "Finkenstein"]
[Date "1994.??.??"]
[Round "?"]
[White "Kragelj, Igor"]
[Black "Jeraj, Zlatko"]
[Result "1-0"]
[WhiteElo "2250"]
[BlackElo "2160"]
[PlyCount "120"]
[EventDate "1994.??.??"]
[Source "www.chesslib.no"]
[SourceDate "2004.05.04"]

1. d4 Nf6 2. c4 c5 3. d5 d6 4. Nc3 e5 5. e4 Be7 6. Nf3 O-O 7. h3 Na6 8. Bd3 Bd7 9. Be3 Nc7 10. O-O Rb8 11. a4 Na6 12. Ne1 Nb4 13. Bb1 Ne8 14. f4 a6 15. a5 b5 16. axb6 Qxb6 17. Nf3 f6 18. Kh2 Nc7 19. Ra3 a5 20. Rf2 Qa6 21. Nd2 Na8 22. Nb3 a4 23. Nd2 Nb6 24. Qf1 Qc8 25. Ne2 Qe8 26. Ng3 Bc8 27. Nf5 Rf7 28. Nf3 Ba6 29. Nd2 Bf8 30. fxe5 dxe5 31. g4 h6 32. Rg2 Kh7 33. Kh1 g6 34. Nh4 Qd7 35. Nhf3 Bd6 36. Kg1 Rh8 37. Ne1 Kg7 38. Bf2 h5 39. Rag3 h4 40. Ra3 g5 41. Nc2 Rb8 42. Ne3 Kg6 43. Nf5 Rh7 44. Be3 Rf7 45. Rc3 Bc8 46. Qf2 Na6 47. Nf3 Qc7 48. Ne1 Bxf5 49. gxf5+ Kg7 50. Qxh4 Kf8 51. Qg3 Ke7 52. h4 gxh4 53. Qxh4 Nd7 54. Bc1 Qa5 55. Qg3 Rh8 56. Nf3 Rfh7 57. Rh2 Nf8 58. Rxh7+ Rxh7 59. Qg8 Nc7 60. Bh6 Rf7 1-0

[Event "La Bordeta op"]
[Site "La Bordeta"]
[Date "1999.??.??"]
[Round "4"]
[White "Pinazo Donoso, Jordi"]
[Black "Ruiz Mata, Oscar"]
[Result "1/2-1/2"]
[WhiteElo "2110"]
[BlackElo "2275"]
[PlyCount "24"]
[EventDate "1999.??.??"]
[Source "www.chesslib.no"]
[SourceDate "2004.05.04"]

1. d4 Nf6 2. c4 c5 3. d5 d6 4. Nc3 e5 5. dxe6 fxe6 6. Bg5 Be7 7. Nf3 O-O 8. g3 Nc6 9. Bg2 h6 10. Bxf6 Bxf6 11. O-O a6 12. Qd2 Qc7 1/2-1/2

[Event "Politiken Cup"]
[Site "?"]
[Date "2005.07.24"]
[Round "10"]
[White "Bleis Christian"]
[Black "Brekka Hanus"]
[Result "1/2-1/2"]
[WhiteElo "2271"]
[BlackElo "2105"]
[PlyCount "22"]
[EventDate "2005.??.??"]
[Source "www.chesslib.no"]
[SourceDate "2004.05.04"]

1. d4 Nf6 2. c4 c5 3. d5 d6 4. Nc3 e6 5. Nf3 Be7 6. e4 e5 7. h3 Nbd7 8. Be3 Nf8 9. Qd2 Ng6 10. g3 O-O 11. Bd3 Nxe4 1/2-1/2

[Event "otb"]
[Site "otb"]
[Date "2007.03.21"]
[Round "3"]
[White "Pacheco Garri"]
[Black "Moreno William"]
[Result "1/2-1/2"]
[WhiteElo "2201"]
[BlackElo "2165"]
[PlyCount "41"]
[Source "www.chesslib.no"]
[SourceDate "2004.05.04"]

1. d4 Nf6 2. c4 c5 3. d5 d6 4. Nc3 g6 5. e4 Bg7 6. Nf3 O-O 7. h3 e5 8. Be2 Nh5 9. O-O Nf4 10. Bxf4 exf4 11. Qd2 g5 12. Nh2 Nd7 13. Bg4 Ne5 14. Bxc8 Rxc8 15. Qe2 Re8 16. Nf3 Ng6 17. Nd2 a6 18. Qg4 Ne5 19. Qf5 h6 20. Rab1 Rc7 21. h4 1/2-1/2

[Event "Waitakere Trust op"]
[Site "?"]
[Date "1998.??.??"]
[Round "2"]
[White "Dive Russell John"]
[Black "Sarapu Ortvin"]
[Result "1-0"]
[WhiteElo "2290"]
[BlackElo "2070"]
[PlyCount "107"]
[EventDate "1998.??.??"]
[Source "www.chesslib.no"]
[SourceDate "2004.05.04"]

1. d4 Nf6 2. c4 c5 3. d5 d6 4. Nc3 g6 5. e4 Bg7 6. Nge2 a6 7. a4 O-O 8. Ng3 e6 9. Be2 exd5 10. cxd5 Nbd7 11. O-O Re8 12. h3 Qc7 13. Be3 b6 14. Qd2 Bb7 15. Bh6 Bh8 16. Bc4 Ne5 17. b3 Nfd7 18. f4 Nxc4 19. bxc4 Bd4+ 20. Kh1 Qd8 21. Bg5 f6 22. Bh6 Qe7 23. Rae1 b5 24. axb5 axb5 25. Nxb5 Ra4 26. Nxd4 cxd4 27. Qxd4 Rc8 28. e5 dxe5 29. fxe5 fxe5 30. Qg4 Bxd5 31. Qd1 Bc6 32. Ne4 Rxc4 33. Qd6 Re8 34. Qxe7 Rxe7 35. Rd1 Rd4 36. Rxd4 exd4 37. Nf6+ Nxf6 38. Rxf6 Bxg2+ 39. Kxg2 Re8 40. Rd6 Re4 41. Rd7 Rh4 42. Bg5 Rh5 43. Bf6 h6 44. Bxd4 g5 45. Bf2 g4 46. h4 Rf5 47. Bd4 h5 48. Rg7+ Kf8 49. Rg5 Rxg5 50. hxg5 Kf7 51. Kg3 Kg6 52. Kh4 g3 53. Bc5 g2 54. Bg1 1-0

[Event "Corr"]
[Site "?"]
[Date "1999.05.28"]
[Round "?"]
[White "Nava Baro Enrique"]
[Black "Lanin Boris Aleksandrovic"]
[Result "1/2-1/2"]
[WhiteElo "2139"]
[BlackElo "2191"]
[PlyCount "85"]
[EventDate "1999.??.??"]
[Source "www.chesslib.no"]
[SourceDate "2004.05.04"]

1. d4 Nf6 2. c4 c5 3. d5 d6 4. Nc3 g6 5. e4 Bg7 6. Nf3 e5 7. Bg5 h6 8. Bh4 g5 9. Bg3 Nh5 10. Nd2 Nf4 11. f3 Na6 12. a3 Nc7 13. Bf2 b6 14. h4 gxh4 15. Bxh4 Bf6 16. Bf2 Bg5 17. b4 Kf8 18. g3 Ng6 19. Bh3 Bxh3 20. Rxh3 Kg7 21. Nf1 Qd7 22. Rh5 Ne8 23. Be3 Nf6 24. Rh2 Bxe3 25. Nxe3 Ne7 26. bxc5 bxc5 27. f4 Rad8 28. fxe5 dxe5 29. Qf3 h5 30. O-O-O Ng4 31. Rf1 f5 32. Rd2 Qb7 33. Rb2 Qa6 34. Nxf5+ Nxf5 35. Qxf5 Qh6+ 36. Kb1 Rhf8 37. Rb7+ Kg8 38. Qe6+ Qxe6 39. Rxf8+ Rxf8 40. dxe6 Re8 41. Rf7 Rxe6 42. Rxa7 Rf6 43. Nd5 1/2-1/2

[Event "Pecs op"]
[Site "?"]
[Date "1996.??.??"]
[Round "2"]
[White "Ivan Zoltan"]
[Black "Solti Laszlo"]
[Result "1-0"]
[WhiteElo "2235"]
[BlackElo "2090"]
[PlyCount "85"]
[EventDate "1996.??.??"]
[Source "www.chesslib.no"]
[SourceDate "2004.05.04"]

1. d4 Nf6 2. c4 c5 3. d5 d6 4. Nc3 g6 5. e4 Bg7 6. Nf3 O-O 7. h3 Na6 8. Be2 Nc7 9. O-O a6 10. a4 a5 11. Bf4 Nd7 12. Qd2 Re8 13. Nh2 Nb6 14. Bh6 Bd4 15. Kh1 e6 16. f4 f5 17. Nf3 Bh8 18. e5 exd5 19. cxd5 dxe5 20. d6 Ne6 21. fxe5 Nd4 22. Bg5 Qd7 23. Nxd4 cxd4 24. Qxd4 Bxe5 25. Qxb6 Qxd6 26. Qxd6 Bxd6 27. Bb5 Rf8 28. Bc4+ Kg7 29. Rad1 Bb4 30. Nd5 Be6 31. Nb6 Rae8 32. Bxe6 Rxe6 33. Rd7+ Rf7 34. Rxf7+ Kxf7 35. Nc4 Re2 36. b3 Ke6 37. Bd8 Kd5 38. Bxa5 Bc5 39. Rd1+ Ke4 40. Nd6+ Kf4 41. Nxb7 Bf2 42. Bc7+ Ke4 43. Nd6+ 1-0

[Event "HUN-ch U20"]
[Site "?"]
[Date "1997.??.??"]
[Round "9"]
[White "Kovacs Tamas"]
[Black "Tamas Norbert"]
[Result "1-0"]
[WhiteElo "2160"]
[BlackElo "2150"]
[PlyCount "111"]
[EventDate "1997.??.??"]
[Source "www.chesslib.no"]
[SourceDate "2004.05.04"]

1. d4 Nf6 2. c4 c5 3. d5 d6 4. Nc3 g6 5. Nf3 Bg7 6. Nd2 O-O 7. e4 e6 8. Bd3 exd5 9. cxd5 a6 10. a4 Nbd7 11. Nc4 Nb6 12. Ne3 Bd7 13. O-O Re8 14. f4 c4 15. Bc2 Qc7 16. Qf3 Qc5 17. Kh1 Nc8 18. Bd2 Rb8 19. Na2 b5 20. Nb4 Qa7 21. axb5 Bxb5 22. Bc3 Nb6 23. e5 Nfd7 24. Nc6 Qb7 25. Nxb8 Qxb8 26. Ng4 Qb7 27. Rad1 dxe5 28. fxe5 Nxe5 29. Nf6+ Bxf6 30. Qxf6 Nxd5 31. Be4 Nxf6 32. Bxb7 Nfd7 33. Rfe1 Rb8 34. Rxe5 Rxb7 35. Re8+ Nf8 36. Ra8 Bd7 37. h3 f5 38. Bb4 Rxb4 39. Rxd7 Rb6 40. Rdd8 Rf6 41. Rdc8 Kg7 42. Ra7+ Kh6 43. Rxc4 Rb6 44. Re7 Kg5 45. b4 h5 46. h4+ Kf6 47. Rec7 Ne6 48. R7c6 Rb8 49. Rxa6 Ke5 50. Rcc6 Nf4 51. Rc5+ Kd4 52. Rd6+ Ke4 53. b5 Ra8 54. Ra6 Rd8 55. Ra4+ Ke3 56. Re5+ 1-0

[Event "Chigorin Memorial"]
[Site "?"]
[Date "2005.10.20"]
[Round "6"]
[White "Goganov Aleksey"]
[Black "Eidelson Rakhil"]
[Result "1/2-1/2"]
[WhiteElo "2118"]
[BlackElo "2192"]
[PlyCount "59"]
[EventDate "2005.??.??"]
[Source "www.chesslib.no"]
[SourceDate "2004.05.04"]

1. d4 Nf6 2. c4 c5 3. d5 d6 4. Nc3 g6 5. e4 Bg7 6. Nf3 O-O 7. h3 Na6 8. Bd3 e6 9. O-O e5 10. Rb1 Nh5 11. a3 Nf4 12. b4 Nxd3 13. Qxd3 h6 14. Qe2 f5 15. Ne1 Qh4 16. Nd3 b6 17. bxc5 Nxc5 18. Nxc5 bxc5 19. Bd2 Ba6 20. Nb5 Qe7 21. Qd1 Bxb5 22. Rxb5 Qh4 23. Qe2 h5 24. Rfb1 fxe4 25. Be3 Rf7 26. Rb8+ Rxb8 27. Rxb8+ Kh7 28. Qb2 Qf6 29. Qb5 Bh6 30. Rb7 1/2-1/2

[Event "Olimpiadi 2008 - open"]
[Site "Dresda GER"]
[Date "2008.11.13"]
[Round "1"]
[White "Pesqueira, J."]
[Black "Al Hadarani, H."]
[Result "0-1"]
[WhiteElo "1985"]
[BlackElo "2308"]
[PlyCount "68"]
[EventDate "2008.11.13"]
[Source "www.chesslib.no"]
[SourceDate "2004.05.04"]

1. d4 Nf6 2. c4 c5 3. d5 d6 4. Nc3 e5 5. e4 Be7 6. Nf3 O-O 7. Be2 h6 8. O-O Nh7 9. a3 a5 10. Rb1 Na6 11. Ne1 f5 12. f3 f4 13. Nd3 Bh4 14. Bd2 Qg5 15. Nf2 h5 16. Kh1 Qf6 17. Be1 Bg3 18. hxg3 fxg3 19. Nh3 Qh4 20. Bxg3 Qxg3 21. Qe1 Qg6 22. Qh4 Bxh3 23. Qxh3 Ng5 24. Qg3 Rf4 25. Kg1 Raf8 26. Nb5 h4 27. Qh2 h3 28. g3 Nxf3+ 29. Rxf3 Rxf3 30. Bxf3 Rxf3 31. Re1 Rxg3+ 32. Kh1 Qg4 33. Qf2 Rg2 34. Qe3 Rh2+ 0-1

[Event "Lampertheim op 1st"]
[Site "?"]
[Date "2000.??.??"]
[Round "?"]
[White "Kunz Konstantin"]
[Black "Hillgaertner Walter"]
[Result "1-0"]
[WhiteElo "2201"]
[BlackElo "2078"]
[PlyCount "69"]
[EventDate "2000.??.??"]
[Source "www.chesslib.no"]
[SourceDate "2004.05.04"]

1. d4 Nf6 2. c4 c5 3. d5 d6 4. Nc3 g6 5. e4 b5 6. cxb5 Bg7 7. Nf3 O-O 8. h3 a6 9. bxa6 Bxa6 10. Bxa6 Nxa6 11. O-O Qb6 12. Qe2 Nc7 13. Bg5 Qb7 14. Rac1 Rfe8 15. Bf4 Qb4 16. Bh2 Qb7 17. Rfd1 Reb8 18. b3 Re8 19. Rc2 Rab8 20. Nd2 Nd7 21. Nc4 Qb4 22. e5 Nb6 23. Nxb6 Rxb6 24. Ne4 Rbb8 25. Rc4 Qb7 26. exd6 exd6 27. Qf3 Rxe4 28. Rxe4 Nb5 29. Rde1 Bf8 30. Re8 Nd4 31. Qf6 Rxe8 32. Rxe8 Qb5 33. Rxf8+ Kxf8 34. Bxd6+ Kg8 35. Be5 1-0

[Event "Foment Open"]
[Site "Foment"]
[Date "1994.??.??"]
[Round "?"]
[White "Gomez Olivares, Alejandro"]
[Black "Asensio Lisan, Teodoro"]
[Result "1/2-1/2"]
[WhiteElo "2160"]
[BlackElo "2080"]
[PlyCount "118"]
[EventDate "1994.??.??"]
[Source "www.chesslib.no"]
[SourceDate "2004.05.04"]

1. d4 Nf6 2. c4 c5 3. d5 d6 4. Nc3 g6 5. e4 e6 6. Bd3 Bg7 7. Nge2 O-O 8. f3 exd5 9. exd5 Re8 10. O-O Nbd7 11. Bf4 Ne5 12. Qd2 Nfd7 13. b3 Nxd3 14. Qxd3 Ne5 15. Qd2 f5 16. Rae1 Bd7 17. a4 Qa5 18. Bxe5 Rxe5 19. Nb1 Qxd2 20. Nxd2 Rae8 21. Kf2 Re3 22. h3 a6 23. Nc1 Bd4 24. Rxe3 Bxe3+ 25. Ke2 b5 26. axb5 axb5 27. Kd3 Bd4 28. f4 Re3+ 29. Kc2 Kf7 30. Nf3 bxc4 31. Nxd4 cxd4 32. bxc4 Rc3+ 33. Kd2 Rxc4 34. Nd3 Ba4 35. Rc1 Bb5 36. Rxc4 Bxc4 37. Nb4 Bf1 38. g3 Bxh3 39. Kd3 Bg2 40. Kxd4 h6 41. Na2 Ke7 42. Nb4 Kd7 43. Nc6 g5 44. fxg5 hxg5 45. Nb4 Ke7 46. Nc2 Bh3 47. Ne3 f4 48. gxf4 gxf4 49. Nd1 Kf6 50. Ke4 Kg5 51. Nc3 Bg2+ 52. Kd4 Kg4 53. Nb5 Kf3 54. Nxd6 Ke2 55. Ne4 Bxe4 56. Kxe4 f3 57. d6 f2 58. d7 f1=Q 59. d8=Q Qh1+ 1/2-1/2

[Event "Rheinhessen-ch MT1"]
[Site "?"]
[Date "1999.03.29"]
[Round "4"]
[White "Haasler Andreas"]
[Black "Boos Patrick"]
[Result "1-0"]
[WhiteElo "2219"]
[BlackElo "2014"]
[PlyCount "63"]
[EventDate "1999.??.??"]
[Source "www.chesslib.no"]
[SourceDate "2004.05.04"]

1. d4 Nf6 2. c4 c5 3. d5 d6 4. Nc3 g6 5. Nf3 Bg7 6. e4 O-O 7. h3 b5 8. cxb5 a6 9. Bd3 axb5 10. O-O c4 11. Bc2 b4 12. Na4 Qa5 13. Be3 Nbd7 14. Nd4 Bb7 15. Nc6 Bxc6 16. dxc6 Nc5 17. Nxc5 dxc5 18. e5 Rad8 19. Qe2 Nd5 20. Qxc4 Nxe3 21. fxe3 Bxe5 22. Bb3 e6 23. Rxf7 Rxf7 24. Qxe6 Qc7 25. Rf1 c4 26. Bxc4 Rdf8 27. Rxf7 Rxf7 28. Qe8+ Kg7 29. Bxf7 Bxb2 30. Bc4 Qb6 31. Qe7+ Kh6 32. c7 1-0

[Event "XIII Open internazionale"]
[Site "Villa de Coria del Río SPA"]
[Date "2007.02.28"]
[Round "8"]
[White "del Campo, José Luis"]
[Black "Soria, Ricardo"]
[Result "0-1"]
[WhiteElo "2084"]
[BlackElo "2139"]
[PlyCount "100"]
[EventDate "2007.02.21"]
[Source "www.chesslib.no"]
[SourceDate "2004.05.04"]

1. d4 Nf6 2. c4 c5 3. d5 d6 4. Nc3 e5 5. e4 Be7 6. Bd3 O-O 7. Nge2 a6 8. O-O Qc7 9. a4 Re8 10. f3 Nbd7 11. g4 Nf8 12. h4 Nxg4 13. fxg4 Bxh4 14. Be3 Bxg4 15. Bf2 Bg5 16. Qc2 Ng6 17. Ng3 Nf4 18. Be2 Qd7 19. Bxg4 Qxg4 20. Qd1 Qh3 21. Qf3 g6 22. Be1 f5 23. Qh1 Qg4 24. Qf3 h5 25. exf5 gxf5 26. Qxg4 fxg4 27. Nce4 Be7 28. Nf5 Kh7 29. Nfxd6 Bxd6 30. Nxd6 Rf8 31. Bh4 Ng6 32. Bg5 Nf4 33. Be7 Ne2+ 34. Kg2 Nf4+ 35. Kg3 Ne2+ 36. Kh4 Rf4 37. Bg5 Raf8 38. Bxf4 exf4 39. Nxb7 Kg6 40. Rad1 Re8 41. d6 Re3 42. Rh1 Ng3 43. Rd5 Nxh1 44. Rg5+ Kf6 45. Rxg4 hxg4 46. d7 Rd3 47. d8=Q+ Rxd8 48. Nxd8 Nf2 49. Nb7 g3 50. Nxc5 g2 0-1

[Event "SVK-chT1W 9899"]
[Site "?"]
[Date "1998.??.??"]
[Round "3"]
[White "Mihalik Marek"]
[Black "Rachela Milan"]
[Result "0-1"]
[WhiteElo "2090"]
[BlackElo "2130"]
[PlyCount "98"]
[EventDate "1998.??.??"]
[Source "www.chesslib.no"]
[SourceDate "2004.05.04"]

1. d4 Nf6 2. c4 c5 3. d5 d6 4. Nc3 g6 5. e4 Bg7 6. Nf3 O-O 7. h3 Na6 8. Bd3 Nc7 9. Bg5 Nfe8 10. g4 a6 11. Qe2 Rb8 12. Nd2 b5 13. h4 bxc4 14. Nxc4 Nb5 15. Nxb5 axb5 16. Na3 c4 17. Bb1 Qa5+ 18. Kf1 c3 19. Bc1 Bxg4 20. Qxg4 cxb2 21. Bxb2 Bxb2 22. Nc2 Nf6 23. Qf3 Qc3 24. Qxc3 Bxc3 25. f3 Nh5 26. Kf2 Rfc8 27. a3 Bxa1 28. Nxa1 Rc3 29. Nc2 Rbc8 30. Nd4 Rxa3 31. Nxb5 Ra1 32. Rf1 Rb8 33. Bd3 Rxf1+ 34. Bxf1 Ra8 35. Nd4 Ra2+ 36. Be2 Nf4 37. Kf1 Nxe2 38. Nxe2 Rd2 39. Ke1 Rd3 40. Kf2 Kg7 41. Kg3 Rd2 42. Nf4 Kf6 43. Nh3 h6 44. Nf2 Rxf2 45. Kxf2 e6 46. dxe6 fxe6 47. Kg3 d5 48. exd5 exd5 49. Kf4 h5 0-1